| 000 | 00549nam a22001457a 4500 | ||
|---|---|---|---|
| 999 |
_c532752 _d532752 |
||
| 020 | _a9789348788825 | ||
| 082 | _aD6 Si64 | ||
| 100 |
_aSingh, Santosh Kumar _959707 |
||
| 245 |
_aInstitutionalization of peacebuilding: functioning of United Nations peacebuilding Commission in Sierra Leone & Burundi _cby Santosh Kumar Singh |
||
| 260 |
_aNew Delhi _bManak _c2025 |
||
| 300 | _a226p. | ||
| 650 |
_aUnited Nations, Peace-building _959708 |
||
| 650 |
_aInternational relations _959709 |
||
| 650 |
_aSierra Leone & Burundi - Politics and government _959710 |
||